A short history of American literature (Record no. 150420)

MARC details
000 -LEADER
fixed length control field 00630nam a22001937a 4500
005 - DATE AND TIME OF LATEST TRANSACTION
control field 20180320121732.0
010 ## - LCCN (DPL NO)
LC control number ENG-122343
020 ## - INTERNATIONAL STANDARD BOOK NUMBER
International Standard Book Number 9789386392725
Terms of availability 410.00
035 ## - SYSTEM CONTROL NUMBER
System control number EN-105875
037 ## - SOURCE OF ACQUISITION
Source of stock number/acquisition DBAD/PUB
082 ## - DEWEY DECIMAL CLASSIFICATION NUMBER
Classification number 880.9
100 ## - MAIN ENTRY--PERSONAL NAME
Personal name Sen, Krishna
245 ## - TITLE STATEMENT
Title A short history of American literature
Statement of responsibility, etc by Krishna Sen & Ashok Sengupta
260 ## - PUBLICATION, DISTRIBUTION, ETC. (IMPRINT)
Place of publication, distribution, etc Hyderabad
Name of publisher, distributor, etc Orient blackswan private ltd.
Date of publication, distribution, etc 2017
270 ## - ADDRESS
Address 3-6-752 Himayatnagar,
City Hyderabad
Postal code 500029
300 ## - PHYSICAL DESCRIPTION
Extent xii.412p.
Dimensions 22cm.(PBK)
Other physical details ill.
500 ## - GENERAL NOTE
General note It includes bibliography and references and index
942 ## - ADDED ENTRY ELEMENTS (KOHA)
Source of classification or shelving scheme Dewey Decimal Classification
Item type English Books
Classification part 880.9
Call number suffix SEN
Holdings
Withdrawn status Lost status Not for loan Collection code Home library Current library Date acquired Source of acquisition Cost, normal purchase price Full call number Barcode Copy number Cost, replacement price Koha item type
    Not For Loan Non-fiction D.B.Act.Division Bawana 20/03/2018 DBAD/PUB 410.00 880.9 SEN EN-105875 1 410.00 English Books

© Delhi Public Library
Hit Counter
free hit counter